000
00283nam a22001217a 4500
082
_a
823
_b
HAT/W
100
_a
HATELY, DAVID
245
_a
WHEN GOD MADE ADAM & EVE
260
_a
UNITED KINGDOM
_b
LADY BIRD BOOKS
300
_a
42
650
_a
ENGLISH STORY
_z
UNITED KINGDOM
942
_c
BK
999
_c
7507
_d
7507